000
00230nam a22001097a 4500
082
_a
BAN
100
_a
Banks Richard
245
_a
Visual Studies 2012 cook book
260
_a
New York
_b
Glencoe
_c
2012
300
_a
254
942
_c
BK
999
_c
57786
_d
57783